书目信息 |
| 题名: |
干燥工
|
|
| 作者: | 刘同卷 主编 | |
| 分册: | ||
| 出版信息: | 北京 化学工业出版社 2008.04 |
|
| 页数: | 171页 | |
| 开本: | 26cm | |
| 丛书名: | ||
| 单 册: | ||
| 中图分类: | TQ028.6 | |
| 科图分类: | ||
| 主题词: | 干燥--gan zao--技术教育--教材 | |
| 电子资源: | ||
| ISBN: | 978-7-122-02124-3 | |
| 000 | 00840nam0 2200241 450 | |
| 001 | 012009473330 | |
| 005 | 20091228095207.07 | |
| 010 | @a978-7-122-02124-3@dCNY24.00 | |
| 100 | @a20091228d2008 em y0chiy0120 ea | |
| 101 | 0 | @achi |
| 102 | @aCN@b110000 | |
| 105 | @aa z 000yy | |
| 106 | @ar | |
| 200 | 1 | @a干燥工@Agan zao gong@f刘同卷主编@Fliu tong juan zhu bian |
| 210 | @a北京@c化学工业出版社@d2008.04 | |
| 215 | @a171页@c图@d26cm | |
| 300 | @a职业技能鉴定培训教程行业职业教育培训规划教材 | |
| 330 | @a本书以岗位操作技能为主线,着重介绍了干燥工及密切相关岗位操作必须掌握的基本知识、基本理论、操作规范、设备保养和维护、安全生产、环境保护等知识。 | |
| 606 | 0 | @a干燥@Agan zao@x技术教育@j教材 |
| 690 | @aTQ028.6@v4 | |
| 701 | 0 | @a刘同卷@Aliu tong juan@4主编 |
| 801 | 0 | @aCN@bQSSK@c20091228 |
| 905 | @b769028-30@dTQ028.6@eL682@f3 | |
| 干燥工/刘同卷主编.-北京:化学工业出版社,2008.04 |
| 171页:图;26cm |
| 职业技能鉴定培训教程行业职业教育培训规划教材 |
| ISBN 978-7-122-02124-3:CNY24.00 |
| 本书以岗位操作技能为主线,着重介绍了干燥工及密切相关岗位操作必须掌握的基本知识、基本理论、操作规范、设备保养和维护、安全生产、环境保护等知识。 |
| ● |
| 相关链接 |
|
|
|
正题名:干燥工
索取号:TQ028.6/L682
 
预约/预借
| 序号 | 登录号 | 条形码 | 馆藏地/架位号 | 状态 | 备注 |
| 1 | 769028 | 207690284 | 期刊室512/501自科库 138排1列1层/ [索取号:TQ028.6/L682] | 在馆 | |
| 2 | 769029 | 207690293 | 自科库501/501自科库 138排1列1层/ [索取号:TQ028.6/L682] | 在馆 | |
| 3 | 769030 | 207690300 | 自科库501/501自科库 138排1列1层/ [索取号:TQ028.6/L682] | 在馆 |